Iowa State Parks - Statistics

General Stats
  • This quiz has been taken 7 times
  • The average score is 2 of 72
Answer Stats
Answer % Correct
Backbone
29%
Ledges
29%
Rock Creek
29%
Elk Rock
14%
Honey Creek
14%
Lake Wapello
14%
Pine Lake
14%
Springbrook
14%
Union Grove
14%
Walnut Woods
14%
Yellow River
14%
Ambrose A. Call
0%
Badger Creek
0%
Banner Lakes
0%
Beeds Lake
0%
Bellevue
0%
Big Creek
0%
Blackburn
0%
Black Hawk
0%
Brushy Creek
0%
Cedar Rock
0%
Clear Lake
0%
Dolliver
0%
Elinor Bedell
0%
Emerson Bay
0%
Fairport
0%
Fort Atkinson
0%
Fort Defiance
0%
Geode
0%
George Wyth
0%
Green Valley
0%
Gull Point
0%
Honey Creek Resort
0%
Lacey Keosauqua
0%
Lake Ahquabi
0%
Lake Anita
0%
Lake Darling
0%
Lake Keomah
0%
Lake Macbride
0%
Lake Manawa
0%
Lake of Three Fires
0%
Lewis and Clark
0%
Loess Hills
0%
Lower Gar
0%
Maquoketa Caves
0%
Marble Beach
0%
McIntosh Woods
0%
Mines of Spain
0%
Mini-Wakan
0%
Nine Eagles
0%
Okamanpedan
0%
Palisades-Kepler
0%
Pikes Peak
0%
Pikes Point
0%
Pilot Knob
0%
Pleasant Creek
0%
Prairie Rose
0%
Preparation Canyon
0%
Red Haw
0%
Rice Lake
0%
Shimek
0%
Stephens
0%
Stone
0%
Templar
0%
Trappers Bay
0%
Twin Lakes
0%
Viking Lake
0%
Volga River
0%
Wapsipinicon
0%
Waubonsie
0%
Wildcat Den
0%
Wilson Island
0%
No matching quizzes found
Score Distribution
Percent of People with Each Score
Percentile by Number Answered
Your Score History
You have not taken this quiz